00525nam a22001697a 450000500170000001000150001702000440003203500130007603700130008908200100010210000280011224500700014026000380021027000420024830000230029050000420031320150511123520.0 aENG-112661 a9789380224022c600.00  aEN-96193 bDBAD/PUB a880.9 aPawar, Madhavi Sanjeev 00aNew women novelists with new horizons :cby Madhavi Sanjeev Pawar aJaipurbShruti Publicationsc2011 a50- Ka-6,Jyoti Nagar,bJaipure302005 aix,178p.c22cm(Hb) aIncludes bibliographical references